000 00931nam a2200265 i 4500
001 bg
245 0 0 _aUnequal European partnership /
_ced. by Józef Niżnik.
260 _aWarszawa :
_bIFiS [Instytut Filozofii i Socjologii] Publishers,
_c1993.
300 _a139, [1] s. ;
_c21 cm.
500 _aZaw. listę uczestników seminarium.
500 _aMateriały z międzynarodowego seminarium, sierpień 1992.
504 _aBibliogr. s. 55-56.
650 9 _aIntegracja europejska
650 9 _aEuropa Środkowo-Wschodnia a Unia Europejska
_yod 1989 r.
650 9 _aUnia Europejska a Europa Środkowo-Wschodnia
_yod 1989 r.
655 _aMateriały konferencyjne
700 1 _aNIŻNIK, Józef.
_eRed.
020 _a8385194941
040 _cBPK
041 0 _aen
080 _a339.923:061.1](4-67):338(4-191.2-11)"1989/..."(061.3)
920 _a83-85194-94-1
942 _cKS
008 s pl f |000 0 pol
999 _c32549
_d32549
856 _uhttp://koha.tu.koszalin.pl/cgi-bin/koha/opac-detail.pl?biblionumber=32549
_yKatalog online BPK